00864cam a22002417a 4500003000500000005001700005008004100022010001100063011001100074020001800085035001100103040000900114082002200123110006000145245021900205260002300424300001300447490003300460500004900493650001100542650003600553830003300589CHAP20220817044434.0111019s2007 it r 00010 eng d a101009 a101981 a9789251056554 a112669 cCHAP04a639.2bF46y v.8082 aFAO. Comisión General de Pesca para el Mediterráneo13aReport of the expert meeting to identify the needs for a subsidiary body on the technical and socio-economic aspects of aquaculture in the Mediterraneanc/por FAO. Comisión General de Pesca para el Mediterráneo aRoma :bFAO,c2007 av, 26 p. 0aFAO. Informe de pescav; 808 aSantiago de Compostela, Spain, 2-3 June 200614aPesca.14aPescaxRegión Mediterránea.0 aFAO. Informe de pescav; 808